Směrný růst zvyšování výdělkové úrovně a postavení odborové organizace.

Príčiny zaostávania vykazovaných priemerných miezd za stanoveným percentom smerného rastu miezd. Mzdy hradené zo zisku. Úloha odborov v súvislosti s tvorbou a uzavieraním kolektívnych zmlúv. Potreba dostatočne odborne spôsobilého zástupcu odborov pre kolektívne vyjednávanie na podnikovej úrovni.

Salvato in:
Dettagli Bibliografici
Autore principale: Klas, J.
Natura: Capitolo di libro
Lingua:ceco
Soggetti:
Tags: Aggiungi Tag
Nessun Tag, puoi essere il primo ad aggiungerne!!

MARC

LEADER 00000naa a2200000 4500
001 r008874
005 20220831085046.6
041 0 |a cze 
044 |a [CS] 
245 1 0 |a Směrný růst zvyšování výdělkové úrovně a postavení odborové organizace.  |c J. Klas 
520 |a Príčiny zaostávania vykazovaných priemerných miezd za stanoveným percentom smerného rastu miezd. Mzdy hradené zo zisku. Úloha odborov v súvislosti s tvorbou a uzavieraním kolektívnych zmlúv. Potreba dostatočne odborne spôsobilého zástupcu odborov pre kolektívne vyjednávanie na podnikovej úrovni. 
610 2 0 |a mzdy 
610 2 0 |a mzdy priemerné 
610 2 0 |a odbory 
610 2 0 |a inflácia 
610 2 0 |a vyjednávanie kolektívne 
610 2 0 |a ČSFR 
100 1 |a Klas, J.